000 00421nam a2200133Ia 4500
008 231221s9999 xx 000 0 und d
020 _a978-0-387-70761-7
041 _aEnglish
100 _aGabor Magyar, Gabor Knapp, Wita Wojtkowski, W. Gregory Wojtkowski, Jo~e Zupancic
245 0 _aAdvances in Information Systems Development
260 _c2007
_bSpringer US
_aNew York
650 _aComputer Science
942 _cEB
999 _c218230
_d218230